Etap 3 - Ameryki + Afryka - Statystyki

Ogólne statystyki
  • Ten quiz został rozwiązany 25 razy
  • Średni wynik to 66 z 89
Statystyki odpowiedzi
Obrazkowy Odpowiedź % Poprawnych
Algieria
88%
Argentyna
88%
Brazylia
88%
Chile
88%
Egipt
88%
Ekwador
88%
Ghana
88%
Honduras
88%
Jamajka
88%
Kamerun
88%
Kanada
88%
Kenia
88%
Kolumbia
88%
Kostaryka
88%
Kuba
88%
Mali
88%
Maroko
88%
Meksyk
88%
Nigeria
88%
Panama
88%
Paragwaj
88%
Republika Południowej Afryki
88%
Senegal
88%
Stany Zjednoczone
88%
Tunezja
88%
Urugwaj
88%
Wenezuela
88%
Wybrzeże Kości Słoniowej
88%
Angola
75%
Boliwia
75%
Czad
75%
Demokratyczna Republika Konga
75%
Dominika
75%
Dominikana
75%
Etiopia
75%
Gabon
75%
Gwatemala
75%
Gwinea
75%
Gwinea-Bissau
75%
Liberia
75%
Libia
75%
Madagaskar
75%
Niger
75%
Nikaragua
75%
Peru
75%
Saint Kitts i Nevis
75%
Saint Lucia
75%
Saint Vincent i Grenadyny
75%
Salwador
75%
Somalia
75%
Surinam
75%
Tanzania
75%
Togo
75%
Trynidad i Tobago
75%
Uganda
75%
Antigua i Barbuda
63%
Bahamy
63%
Barbados
63%
Belize
63%
Benin
63%
Botswana
63%
Burkina Faso
63%
Burundi
63%
Dżibuti
63%
Erytrea
63%
Eswatini
63%
Gambia
63%
Grenada
63%
Gujana
63%
Gwinea Równikowa
63%
Haiti
63%
Komory
63%
Kongo
63%
Lesotho
63%
Malawi
63%
Mauretania
63%
Mauritius
63%
Mozambik
63%
Namibia
63%
Republika Środkowo Afrykańska
63%
Rwanda
63%
Seszele
63%
Sierra Leone
63%
Sudan
63%
Sudan Południowy
63%
Wyspy Świętego Tomasza i Książęca
63%
Wyspy Zielonego Przylądka
63%
Zambia
63%
Zimbabwe
63%
Nie znaleziono quizów pasujących do podanych kryteriów
Rozkład punktacji
Procent ludzi z każdym wynikiem
Percentyl według liczby udzielonych odpowiedzi
Twoja historia wyników
Nie rozwiązałeś tego quizu